Statistics for Random Flag-Shape to Former Country

Click here to take the quiz!

General Stats

  • This quiz has been taken 138 times
  • The average score is 9 of 12

Answer Stats

Answer% Correct
Austria-Hungary
100%
Congo Free State
100%
Denmark–Norway
100%
East Germany
100%
Empire of Haiti
100%
German Empire
100%
Holy Roman Empire
100%
Korea
100%
Ottoman Empire
100%
Qing Empire
100%
Russian Empire
100%
South Vietnam
100%
Swedish Empire
100%
Texas
100%
Tibet
100%
United Arab Republic
100%
Vermont
100%
Yugoslavia
100%
Zaire
100%
Roman Empire
80%
Upper Volta
80%
North Yemen
75%
Prussia
75%
Rhodesia
75%
Kampuchea
67%
Moldavia
67%
Republic of China
67%
Mongol Empire
60%
Byzantine Empire
50%
Confederate States
50%
Crimea
50%
Czechoslovakia
50%
Ethiopian Empire
50%
Gran Colombia
50%
Manchukuo
50%
North Vietnam
50%
Scotland
50%
Soviet Union
50%
Peru-Bolivia
40%
Biafra
25%
Kalmar Union
0%
Newfoundland
0%
Poland–Lithuania
0%
South Yemen
0%

Score Distribution

Percentile by Number Answered

Percent of People with Each Score

Your Score History

You have not taken this quiz